[Event "Titled Tuesday intern op 28th Feb Late"]
[Site "Chess.com INT"]
[Date "2023.02.28"]
[Round "5"]
[White "Ferreira, Vitor Hugo Vieira"]
[Black "Bernadskiy, Vitaliy"]
[Result "0-1"]
[WhiteElo "2128"]
[BlackElo "2612"]
[PlyCount "88"]
[EventDate "2023.02.28"]
[EventType "swiss (blitz)"]
[EventRounds "11"]
[EventCountry "USA"]
[SourceTitle "CBM 213 Extra"]
[Source "ChessBase"]
[SourceDate "2023.05.31"]
[SourceVersion "1"]
[SourceVersionDate "2023.05.31"]
[SourceQuality "1"]

1. Nf3 Nf6 2. g3 g6 3. Bg2 Bg7 4. 0-0 0-0 5. c4 d6 6. d4 Nbd7 7. Nc3 a6 8. e4 e5 9. h3 b5 10. dxe5 dxe5 11. cxb5 axb5 12. Bg5 c6 13. Qd6 h6 14. Bxf6 Qxf6 15. Rfd1 Ra6 16. Qxf6 Bxf6 17. a3 Kg7 18. Bf1 Nc5 19. Rd6 Be7 20. Rdd1 Nb3 21. Rab1 Bf6 22. a4 Nd4 23. Nxd4 exd4 24. axb5 dxc3 25. bxa6 c2 26. Rdc1 cxb1Q 27. Rxb1 Be6 28. b4 Bd4 29. Rc1 Rc8 30. Kg2 c5 31. b5 c4 32. f4 f5 33. Kf3 Bb6 34. Rd1 c3 35. Bd3 Kf6 36. g4 Bb3 37. e5+ Ke7 38. gxf5 Bxd1+ 39. Ke4 c2 40. f6+ Kf8 41. e6 c1Q 42. e7+ Kf7 43. Ke5 Qe3+ 44. Be4 Qd4# 0-1

[Event "Titled Tuesday intern op 28th Feb Late"]
[Site "Chess.com INT"]
[Date "2023.02.28"]
[Round "4"]
[White "Ferreira, Vitor Hugo Vieira"]
[Black "Boder, Jan"]
[Result "1-0"]
[WhiteElo "2128"]
[BlackElo "2319"]
[PlyCount "93"]
[EventDate "2023.02.28"]
[EventType "swiss (blitz)"]
[EventRounds "11"]
[EventCountry "USA"]
[SourceTitle "CBM 213 Extra"]
[Source "ChessBase"]
[SourceDate "2023.05.31"]
[SourceVersion "1"]
[SourceVersionDate "2023.05.31"]
[SourceQuality "1"]

1. Nf3 c5 2. g3 g6 3. Bg2 Bg7 4. 0-0 Nc6 5. c4 e5 6. Nc3 d6 7. d3 Nge7 8. Rb1 0-0 9. a3 a5 10. Ne1 Be6 11. Nc2 d5 12. cxd5 Nxd5 13. Ne3 Nde7 14. Ne4 b6 15. Ng5 Bd7 16. Bd2 h6 17. Ne4 Be6 18. b4 axb4 19. axb4 cxb4 20. Bxb4 Nxb4 21. Rxb4 Nd5 22. Nxd5 Bxd5 23. Qb1 f5 24. Nd2 Bxg2 25. Kxg2 Qd5+ 26. e4 Qd8 27. Rxb6 Kh7 28. Rb7 f4 29. Qb5 Ra5 30. Qd7 Qxd7 31. Rxd7 Kh8 32. Nc4 f3+ 33. Kh3 Raa8 34. Kg4 h5+ 35. Kg5 Rad8 36. Rxd8 Rxd8 37. Rd1 Kh7 38. Kh4 Bf6+ 39. Kh3 g5 40. g4 hxg4+ 41. Kxg4 Kg6 42. Kxf3 Rh8 43. Kg2 g4 44. Rb1 Kg5 45. Rb5 Kf4 46. Ne3 Bg5 47. Nd5# 1-0

[Event "Titled Tuesday intern op 28th Feb Late"]
[Site "Chess.com INT"]
[Date "2023.02.28"]
[Round "2"]
[White "Ferreira, Vitor Hugo Vieira"]
[Black "Ibarra Jerez, Jose Carlos"]
[Result "1/2-1/2"]
[WhiteElo "2128"]
[BlackElo "2563"]
[PlyCount "136"]
[EventDate "2023.02.28"]
[EventType "swiss (blitz)"]
[EventRounds "11"]
[EventCountry "USA"]
[SourceTitle "CBM 213 Extra"]
[Source "ChessBase"]
[SourceDate "2023.05.31"]
[SourceVersion "1"]
[SourceVersionDate "2023.05.31"]
[SourceQuality "1"]

1. Nf3 d6 2. g3 Nf6 3. Bg2 g6 4. 0-0 Bg7 5. c4 0-0 6. d4 Bf5 7. Nc3 Ne4 8. Qb3 Nxc3 9. bxc3 Be4 10. Bg5 h6 11. Bf4 b6 12. a4 Nc6 13. Nd2 Bxg2 14. Kxg2 Na5 15. Qb5 c6 16. Qb4 c5 17. Qb2 e5 18. Be3 Re8 19. d5 f5 20. f3 Qf6 21. Rac1 g5 22. Bg1 Qg6 23. e4 fxe4 24. Nxe4 Nxc4 25. Qe2 Na5 26. g4 c4 27. Ng3 Qd3 28. Qxd3 cxd3 29. Rfd1 d2 30. Rc2 Nc4 31. Ne4 Rac8 32. Kf1 Rf8 33. Ke2 Rf4 34. h3 Rcf8 35. Kd3 Rxf3+ 36. Kxc4 R8f4 37. Rdxd2 Rxe4+ 38. Kb5 Rxh3 39. Kc6 Bf8 40. a5 Rxg4 41. axb6 axb6 42. Bxb6 Rc4+ 43. Kd7 Rcxc3 44. Rxc3 Rxc3 45. Bc7 Rxc7+ 46. Kxc7 g4 47. Kd7 Kg7 48. Ke6 Kg6 49. Rf2 Kg7 50. Kf5 h5 51. Kg5 e4 52. Kxh5 e3 53. Re2 Kf6 54. Kxg4 Ke5 55. Rxe3+ Kxd5 56. Re8 Bg7 57. Rg8 Be5 58. Kf5 Kd4 59. Rg4+ Kd5 60. Ra4 Bd4 61. Ra5+ Bc5 62. Ra2 Kc4 63. Rc2+ Kd3 64. Ra2 d5 65. Ke5 d4 66. Kd5 Bb4 67. Ra4 Bc3 68. Rxd4+ Bxd4 1/2-1/2

[Event "Titled Tuesday intern op 28th Feb Late"]
[Site "Chess.com INT"]
[Date "2023.02.28"]
[Round "10"]
[White "Haszon, David"]
[Black "Ferreira, Vitor Hugo Vieira"]
[Result "1-0"]
[WhiteElo "2291"]
[BlackElo "2128"]
[PlyCount "79"]
[EventDate "2023.02.28"]
[EventType "swiss (blitz)"]
[EventRounds "11"]
[EventCountry "USA"]
[SourceTitle "CBM 213 Extra"]
[Source "ChessBase"]
[SourceDate "2023.05.31"]
[SourceVersion "1"]
[SourceVersionDate "2023.05.31"]
[SourceQuality "1"]

1. d4 d5 2. Bf4 Nf6 3. e3 c5 4. Nd2 Nc6 5. Ngf3 Qb6 6. dxc5 Qxc5 7. a3 Bf5 8. c4 e6 9. b4 Qb6 10. c5 Qd8 11. Nd4 Nxd4 12. exd4 a6 13. Be2 Be7 14. 0-0 0-0 15. a4 Ne4 16. Nxe4 dxe4 17. b5 Qa5 18. Bd2 Qc7 19. Qb3 Rfd8 20. Be3 Bf6 21. Rad1 h6 22. h3 Rd7 23. Rd2 Rad8 24. Rfd1 Bh7 25. bxa6 bxa6 26. Bxa6 Bg5 27. Bb5 Re7 28. c6 f5 29. d5 f4 30. d6 Rxd6 31. Rxd6 fxe3 32. fxe3 Qb6 33. Rxe6 Qxe3+ 34. Qxe3 Bxe3+ 35. Kf1 Rxe6 36. Bc4 Bf5 37. Rd6 Kf7 38. c7 Ke7 39. Rxe6+ Bxe6 40. Bxe6 1-0

[Event "Titled Tuesday intern op 28th Feb Late"]
[Site "Chess.com INT"]
[Date "2023.02.28"]
[Round "3"]
[White "Holt, Conrad"]
[Black "Ferreira, Vitor Hugo Vieira"]
[Result "1-0"]
[WhiteElo "2540"]
[BlackElo "2128"]
[PlyCount "95"]
[EventDate "2023.02.28"]
[EventType "swiss (blitz)"]
[EventRounds "11"]
[EventCountry "USA"]
[SourceTitle "CBM 213 Extra"]
[Source "ChessBase"]
[SourceDate "2023.05.31"]
[SourceVersion "1"]
[SourceVersionDate "2023.05.31"]
[SourceQuality "1"]

1. d4 d5 2. c4 dxc4 3. e3 e5 4. Bxc4 exd4 5. exd4 Nf6 6. Qb3 Qe7+ 7. Ne2 Qb4+ 8. Nbc3 Qxb3 9. Bxb3 Bd6 10. 0-0 c6 11. Bg5 Nbd7 12. Ng3 0-0 13. Nf5 Bb4 14. Rfe1 h6 15. Bh4 Nb6 16. Nxh6+ Kh7 17. Nxf7 Nbd5 18. Nxd5 Nxd5 19. Ng5+ Kg6 20. Re5 Bd6 21. Bxd5 Bxe5 22. Be4+ Bf5 23. dxe5 Bxe4 24. Nxe4 Rf4 25. Re1 Rxh4 26. e6 Rd8 27. g3 Rhh8 28. e7 Rd5 29. Nd6 Rxd6 30. e8Q+ Rxe8 31. Rxe8 Rd1+ 32. Kg2 Rd2 33. b4 Rxa2 34. Re7 b6 35. Rc7 Ra4 36. Rxc6+ Kh7 37. b5 Rb4 38. Rc7 Rxb5 39. Rxa7 Rb2 40. h4 b5 41. Rb7 b4 42. g4 b3 43. Rb6 Rb1 44. h5 Kh8 45. Kf3 b2 46. Kf4 Kh7 47. Kg5 Rf1 48. Rxb2 1-0

[Event "Titled Tuesday intern op 28th Feb Late"]
[Site "Chess.com INT"]
[Date "2023.02.28"]
[Round "11"]
[White "Pino Perez, Lazaro"]
[Black "Ferreira, Vitor Hugo Vieira"]
[Result "1-0"]
[WhiteElo "2142"]
[BlackElo "2128"]
[PlyCount "147"]
[EventDate "2023.02.28"]
[EventType "swiss (blitz)"]
[EventRounds "11"]
[EventCountry "USA"]
[SourceTitle "CBM 213 Extra"]
[Source "ChessBase"]
[SourceDate "2023.05.31"]
[SourceVersion "1"]
[SourceVersionDate "2023.05.31"]
[SourceQuality "1"]

1. d4 d5 2. Bf4 Nf6 3. e3 c5 4. Nf3 Nc6 5. Nbd2 e6 6. c3 Nh5 7. Bg5 Be7 8. Bxe7 Qxe7 9. Ne5 g6 10. Qa4 Bd7 11. Nxd7 Kxd7 12. Bb5 Rhc8 13. Nb3 c4 14. Na5 a6 15. Bxc6+ bxc6 16. 0-0 Rab8 17. b3 cxb3 18. axb3 Rb5 19. b4 Nf6 20. Nb3 Ra8 21. Nc5+ Kc8 22. Qc2 a5 23. Ra4 Nd7 24. Nb3 Nb6 25. Rxa5 Raxa5 26. Nxa5 Qa7 27. Nxc6 Qa3 28. Na5 Nc4 29. Nxc4 dxc4 30. Rb1 Rb7 31. Qb2 Ra7 32. g3 Qxb2 33. Rxb2 Ra1+ 34. Kg2 Rc1 35. Ra2 Rxc3 36. Ra7 Rc1 37. Kf3 c3 38. Ke2 c2 39. Kd2 Rf1 40. Kxc2 Rxf2+ 41. Kd3 Rxh2 42. Rxf7 h5 43. Rg7 Rg2 44. Rxg6 h4 45. Rxe6 hxg3 46. Rg6 Kd7 47. Ke4 Ke7 48. Kf3 Rb2 49. Rxg3 Rxb4 50. Rg5 Kf6 51. Rc5 Rb1 52. Ke4 Rh1 53. Rc6+ Ke7 54. Kd5 Rh5+ 55. Kc4 Rh3 56. e4 Re3 57. e5 Re1 58. Kd5 Ra1 59. Rh6 Ra5+ 60. Ke4 Ra1 61. Rh7+ Kf8 62. Rb7 Re1+ 63. Kd5 Ra1 64. e6 Ra5+ 65. Ke4 Ra6 66. d5 Rb6 67. Rxb6 Ke7 68. Rb7+ Kd6 69. Rd7+ Kc5 70. e7 Kc4 71. e8Q Kc3 72. Qc8+ Kd2 73. Qc4 Ke1 74. Qa2 1-0

[Event "Titled Tuesday intern op 28th Feb Late"]
[Site "Chess.com INT"]
[Date "2023.02.28"]
[Round "6"]
[White "Tyagi, Kushan"]
[Black "Ferreira, Vitor Hugo Vieira"]
[Result "1/2-1/2"]
[WhiteElo "2060"]
[BlackElo "2128"]
[PlyCount "177"]
[EventDate "2023.02.28"]
[EventType "swiss (blitz)"]
[EventRounds "11"]
[EventCountry "USA"]
[SourceTitle "CBM 213 Extra"]
[Source "ChessBase"]
[SourceDate "2023.05.31"]
[SourceVersion "1"]
[SourceVersionDate "2023.05.31"]
[SourceQuality "1"]

1. d4 d5 2. c4 dxc4 3. Nf3 Nf6 4. e3 a6 5. Bxc4 b5 6. Bd3 Bb7 7. Nc3 e6 8. 0-0 c5 9. Bc2 Nc6 10. Re1 Be7 11. dxc5 Qxd1 12. Rxd1 Bxc5 13. b3 Ke7 14. Ne4 Nxe4 15. Bxe4 Rhd8 16. Bb2 Rxd1+ 17. Rxd1 g6 18. Ne5 Nxe5 19. Bxb7 Ra7 20. Be4 Nd7 21. Kf1 f5 22. Bf3 Bd6 23. Rc1 Ne5 24. Be2 Rc7 25. Rxc7+ Bxc7 26. g3 Nc6 27. Ke1 Kd6 28. Kd2 Kc5 29. a4 Be5 30. axb5 axb5 31. Ba3+ b4 32. Bc1 Bc3+ 33. Kd1 Ne5 34. f4 Nc6 35. Bc4 Kd6 36. Ke2 Na5 37. Kd3 Nxc4 38. Kxc4 Be1 39. Bb2 Bf2 40. Bd4 Bg1 41. h3 Bf2 42. g4 fxg4 43. hxg4 h5 44. gxh5 gxh5 45. Kxb4 h4 46. Kc4 h3 47. Be5+ Kc6 48. f5 exf5 49. Bh2 Bxe3 50. Kd3 Bg5 51. Ke2 Kb5 52. Kf3 Kb4 53. Kg3 Kxb3 54. Kxh3 Kc4 55. Kg2 Kd3 56. Kf3 Bh6 57. Bb8 Kd4 58. Ba7+ Kd5 59. Bb8 Ke6 60. Ba7 Kf6 61. Bb8 Kg6 62. Ba7 Bg7 63. Bb8 Bf6 64. Bf4 Bg5 65. Bb8 Kf7 66. Bc7 Ke6 67. Bb8 Bf6 68. Bc7 Be5 69. Bb6 Kd5 70. Ba7 Ke6 71. Bb6 Kf6 72. Bd8+ Kg6 73. Bb6 Bf6 74. Ba7 Kf7 75. Bb8 Ke6 76. Ba7 Be7 77. Bb6 Bd6 78. Be3 Kd5 79. Ba7 Bc5 80. Bb8 Bd6 81. Ba7 Ke6 82. Be3 Kf6 83. Ba7 Be5 84. Be3 Ke6 85. Ba7 Kd5 86. Be3 Bd4 87. Bxd4 Kxd4 88. Kf4 Kd3 89. Kxf5 1/2-1/2

[Event "Titled Tuesday intern op 21st Feb Early"]
[Site "Chess.com INT"]
[Date "2023.02.21"]
[Round "3"]
[White "Ferreira, Vitor Hugo Vieira"]
[Black "Zhigalko, Sergei"]
[Result "0-1"]
[WhiteElo "2128"]
[BlackElo "2572"]
[PlyCount "30"]
[EventDate "2023.02.21"]
[EventType "swiss (blitz)"]
[EventRounds "11"]
[EventCountry "USA"]
[SourceTitle "CBM 212 Extra"]
[Source "ChessBase"]
[SourceDate "2023.03.31"]
[SourceVersion "1"]
[SourceVersionDate "2023.03.31"]
[SourceQuality "1"]

1. Nf3 d5 2. g3 c6 3. Bg2 Bg4 4. 0-0 Nd7 5. c4 e6 6. cxd5 exd5 7. d3 Ngf6 8. Nc3 Bc5 9. e4 dxe4 10. dxe4 0-0 11. Bf4 Re8 12. h3 Bh5 13. g4 Bg6 14. e5 Ne4 15. Re1 Nxf2 0-1

[Event "Titled Tuesday intern op 21st Feb Early"]
[Site "Chess.com INT"]
[Date "2023.02.21"]
[Round "2"]
[White "Jiganchine, Roman"]
[Black "Ferreira, Vitor Hugo Vieira"]
[Result "0-1"]
[WhiteElo "2205"]
[BlackElo "2128"]
[PlyCount "62"]
[EventDate "2023.02.21"]
[EventType "swiss (blitz)"]
[EventRounds "11"]
[EventCountry "USA"]
[SourceTitle "CBM 212 Extra"]
[Source "ChessBase"]
[SourceDate "2023.03.31"]
[SourceVersion "1"]
[SourceVersionDate "2023.03.31"]
[SourceQuality "1"]

1. e4 c5 2. Nf3 d6 3. Bb5+ Nc6 4. 0-0 Nf6 5. Re1 Bd7 6. c3 g6 7. d4 cxd4 8. cxd4 Bg7 9. e5 dxe5 10. dxe5 Nxe5 11. Nxe5 Bxb5 12. Qb3 Qd5 13. Nc3 Qxb3 14. axb3 Bd7 15. Nxd7 Kxd7 16. Rd1+ Kc6 17. Be3 b6 18. Rac1 Kb7 19. Nd5 Nxd5 20. Rxd5 Rhd8 21. Rcd1 Rxd5 22. Rxd5 Rc8 23. g4 e6 24. Rd7+ Rc7 25. Rd2 Kc8 26. Kg2 Rc1 27. Rd8+ Kxd8 28. Bxc1 f5 29. h3 Kd7 30. b4 Kc6 31. Kf3 Kb5 0-1

[Event "Titled Tuesday intern op 07th Feb Late"]
[Site "Chess.com INT"]
[Date "2023.02.07"]
[Round "2"]
[White "Ferreira, Vitor Hugo Vieira"]
[Black "Timmermans, Mark"]
[Result "0-1"]
[WhiteElo "2128"]
[BlackElo "2388"]
[PlyCount "96"]
[EventDate "2023.02.07"]
[EventType "swiss (blitz)"]
[EventRounds "11"]
[EventCountry "USA"]
[SourceTitle "EXT 2024"]
[Source "ChessBase"]
[SourceDate "2023.10.10"]
[SourceVersion "1"]
[SourceVersionDate "2023.10.10"]
[SourceQuality "1"]

1. Nf3 Nf6 2. g3 e6 3. Bg2 d5 4. 0-0 Be7 5. c4 0-0 6. cxd5 exd5 7. d3 c6 8. Nc3 Bf5 9. Nd4 Bg6 10. e4 dxe4 11. dxe4 Nbd7 12. Bf4 Nc5 13. Re1 Nfd7 14. Qe2 Re8 15. Rad1 a5 16. e5 Bf8 17. Qc4 Bd3 18. Rxd3 Nb6 19. Nxc6 Qxd3 20. Qxd3 Nxd3 21. Rd1 Nxf4 22. gxf4 bxc6 23. Bxc6 Rec8 24. Bxa8 Rxa8 25. f5 Nc4 26. e6 fxe6 27. fxe6 Nxb2 28. Rd7 Bb4 29. Nd5 Nc4 30. Nc7 Rc8 31. e7 Bxe7 32. Rxe7 Kf8 33. Rd7 Ne5 34. Ne6+ Ke8 35. Rxg7 Rc1+ 36. Kg2 Rc2 37. Rg5 Nd3 38. Rxa5 Rxf2+ 39. Kg3 Re2 40. Nd4 Re3+ 41. Kg4 Re4+ 42. Kf5 Rxd4 43. Ke6 Re4+ 44. Kf5 Rh4 45. Ke6 Rh6+ 46. Kf5 Rh5+ 47. Ke4 Rxa5 48. Kxd3 Rxa2 0-1

[Event "Titled Tuesday intern op 07th Feb Late"]
[Site "Chess.com INT"]
[Date "2023.02.07"]
[Round "3"]
[White "Smith, Garrett L"]
[Black "Ferreira, Vitor Hugo Vieira"]
[Result "1-0"]
[WhiteElo "2047"]
[BlackElo "2128"]
[PlyCount "107"]
[EventDate "2023.02.07"]
[EventType "swiss (blitz)"]
[EventRounds "11"]
[EventCountry "USA"]
[SourceTitle "EXT 2024"]
[Source "ChessBase"]
[SourceDate "2023.10.10"]
[SourceVersion "1"]
[SourceVersionDate "2023.10.10"]
[SourceQuality "1"]

1. e4 c6 2. d4 d5 3. e5 Bf5 4. Nd2 e6 5. Nb3 Nd7 6. Nf3 Ne7 7. Be2 h6 8. 0-0 Qc7 9. Be3 Bh7 10. c4 g5 11. Rc1 0-0-0 12. h4 g4 13. Ne1 h5 14. Bg5 dxc4 15. Bxc4 Nxe5 16. Bf6 Nxc4 17. Bxh8 Bh6 18. Rxc4 Rxh8 19. Nd3 Be4 20. Ne5 Nf5 21. Qe2 Bd5 22. Rc3 Nxh4 23. Nc5 Bxg2 24. Rb3 Bxf1 25. Qxf1 Qd6 26. Rxb7 Qxd4 27. Rd7 Qxd7 28. Nexd7 Nf3+ 29. Kh1 Bf4 30. Qa6+ Kc7 31. Qb7+ Kd6 32. Qb8+ Kd5 33. Qxf4 h4 34. Qe3 Nd4 35. Qe4+ Kc4 36. b3+ Kc3 37. Qd3+ Kb4 38. Qxd4+ Ka3 39. Qa4+ Kb2 40. Qd4+ Kc2 41. Qd3+ Kb2 42. b4 g3 43. Qb3+ Kc1 44. Qc3+ Kd1 45. Qd3+ Ke1 46. fxg3 hxg3+ 47. Kg2 Rh2+ 48. Kxg3 Rd2 49. Qe3+ Kd1 50. Nb3 Re2 51. Qd3+ Ke1 52. Kf3 Rd2 53. Qxd2+ Kf1 54. Qf2# 1-0

[Event "Titled Tuesday intern op 27th Dec Early"]
[Site "Chess.com INT"]
[Date "2022.12.27"]
[Round "7"]
[White "Ferreira, Vitor Hugo Vieira"]
[Black "Martynov, Pavel"]
[Result "1-0"]
[WhiteElo "2128"]
[BlackElo "2414"]
[PlyCount "63"]
[EventDate "2022.12.27"]
[EventType "swiss (blitz)"]
[EventRounds "11"]
[EventCountry "USA"]
[SourceTitle "EXT 2024"]
[Source "ChessBase"]
[SourceDate "2023.10.10"]
[SourceVersion "1"]
[SourceVersionDate "2023.10.10"]
[SourceQuality "1"]

1. e4 c5 2. Nf3 e6 3. g3 d5 4. exd5 exd5 5. Bg2 Nf6 6. 0-0 Be7 7. d4 0-0 8. dxc5 Bxc5 9. Nc3 h6 10. Bf4 Nc6 11. Qd2 Be6 12. Rad1 Re8 13. Nb5 Rc8 14. c3 Ne4 15. Qc1 Qb6 16. Nbd4 Bg4 17. Be3 Nxd4 18. Bxd4 Bxd4 19. Rxd4 Bxf3 20. Bxf3 Ng5 21. Bxd5 Qxd4 22. cxd4 Rxc1 23. Rxc1 Rd8 24. Bb3 Rxd4 25. Rc7 a5 26. h4 a4 27. Bc2 Nf3+ 28. Kh1 g6 29. Rc3 Rd2 30. Be4 Nd4 31. Kg2 Rxb2 32. Rc4 1-0

[Event "Titled Tuesday intern op 27th Dec Early"]
[Site "Chess.com INT"]
[Date "2022.12.27"]
[Round "2"]
[White "Ferreira, Vitor Hugo Vieira"]
[Black "Orzech, Dominik"]
[Result "1-0"]
[WhiteElo "2128"]
[BlackElo "2313"]
[PlyCount "53"]
[EventDate "2022.12.27"]
[EventType "swiss (blitz)"]
[EventRounds "11"]
[EventCountry "USA"]
[SourceTitle "EXT 2024"]
[Source "ChessBase"]
[SourceDate "2023.10.10"]
[SourceVersion "1"]
[SourceVersionDate "2023.10.10"]
[SourceQuality "1"]

1. e4 c5 2. Nf3 d6 3. d4 cxd4 4. Nxd4 Nf6 5. Nc3 a6 6. h3 e5 7. Nb3 h5 8. Be3 Be7 9. Qf3 Be6 10. 0-0-0 Nbd7 11. Kb1 b5 12. Rg1 Qc7 13. g4 hxg4 14. hxg4 Rc8 15. Bd3 b4 16. Nd5 Bxd5 17. exd5 a5 18. g5 e4 19. Bxe4 Ne5 20. Qg2 Nxe4 21. Qxe4 a4 22. Nd2 a3 23. f4 Rh4 24. Rh1 Rxh1 25. Rxh1 Ng4 26. Rh8+ Kd7 27. Qf5# 1-0

[Event "Titled Tuesday intern op 27th Dec Early"]
[Site "Chess.com INT"]
[Date "2022.12.27"]
[Round "5"]
[White "Ferreira, Vitor Hugo Vieira"]
[Black "Piesik, Piotr"]
[Result "1-0"]
[WhiteElo "2128"]
[BlackElo "2420"]
[PlyCount "47"]
[EventDate "2022.12.27"]
[EventType "swiss (blitz)"]
[EventRounds "11"]
[EventCountry "USA"]
[SourceTitle "EXT 2024"]
[Source "ChessBase"]
[SourceDate "2023.10.10"]
[SourceVersion "1"]
[SourceVersionDate "2023.10.10"]
[SourceQuality "1"]

1. e4 g6 2. d4 Bg7 3. Nf3 c6 4. Nc3 d6 5. Be2 Nf6 6. 0-0 0-0 7. Re1 Nbd7 8. Bf1 e5 9. h3 Qc7 10. Be3 b5 11. a3 a5 12. Qd2 Rb8 13. b4 Ra8 14. d5 axb4 15. axb4 Rxa1 16. Rxa1 cxd5 17. Nxb5 Qb8 18. Ba7 Nxe4 19. Bxb8 Nxd2 20. Bxd6 Nxf3+ 21. gxf3 Re8 22. Nc7 e4 23. Ra8 Rd8 24. Be7 1-0

[Event "Titled Tuesday intern op 20th Dec Late"]
[Site "Chess.com INT"]
[Date "2022.12.20"]
[Round "1"]
[White "Boros, Denes"]
[Black "Ferreira, Vitor Hugo Vieira"]
[Result "1-0"]
[WhiteElo "2402"]
[BlackElo "2128"]
[PlyCount "65"]
[EventDate "2022.12.20"]
[EventType "swiss (blitz)"]
[EventRounds "11"]
[EventCountry "USA"]
[SourceTitle "EXT 2024"]
[Source "ChessBase"]
[SourceDate "2023.10.10"]
[SourceVersion "1"]
[SourceVersionDate "2023.10.10"]
[SourceQuality "1"]

1. d4 Nf6 2. Nc3 d5 3. Bf4 a6 4. Nf3 e6 5. e3 c5 6. a3 Bd6 7. dxc5 Bxf4 8. exf4 Qc7 9. g3 Qxc5 10. Bd3 b5 11. 0-0 Bb7 12. Re1 0-0 13. f5 exf5 14. Bxf5 Nbd7 15. Nd4 Nb6 16. Qd3 Nc4 17. b3 Nxa3 18. Nce2 b4 19. Bh3 Ne4 20. Nf4 Nxc2 21. Qxc2 Qxd4 22. Rad1 Qc3 23. Qe2 Rfd8 24. Rd3 Qf6 25. Bg2 Nc3 26. Qh5 g6 27. Qg4 Bc8 28. Nh5 Qf5 29. Qh4 Be6 30. Nf6+ Kf8 31. Rf3 g5 32. Qh6+ Ke7 33. Rxf5 1-0

[Event "Titled Tuesday intern op 20th Dec Late"]
[Site "Chess.com INT"]
[Date "2022.12.20"]
[Round "8"]
[White "Ferreira, Vitor Hugo Vieira"]
[Black "Vlassov, Nikolai"]
[Result "0-1"]
[WhiteElo "2128"]
[BlackElo "2283"]
[PlyCount "102"]
[EventDate "2022.12.20"]
[EventType "swiss (blitz)"]
[EventRounds "11"]
[EventCountry "USA"]
[SourceTitle "EXT 2024"]
[Source "ChessBase"]
[SourceDate "2023.10.10"]
[SourceVersion "1"]
[SourceVersionDate "2023.10.10"]
[SourceQuality "1"]

1. e4 Nc6 2. d4 d5 3. exd5 Qxd5 4. Nf3 Bg4 5. Be2 0-0-0 6. c4 Qh5 7. d5 e6 8. Nc3 Nf6 9. Qb3 exd5 10. cxd5 Nxd5 11. Nxd5 Qxd5 12. Qxd5 Rxd5 13. 0-0 Bc5 14. Bc4 Bxf3 15. gxf3 Rf5 16. Kg2 Rd8 17. a3 Rd6 18. b4 Rg6+ 19. Kh1 Bd4 20. Bd3 Rxf3 21. Bxg6 Bxa1 22. Be4 Rc3 23. Bd2 Rxa3 24. Bxh7 g6 25. Bg8 Ne5 26. f4 Nc4 27. Bc1 Ra4 28. Bxf7 Rxb4 29. Bxg6 Bf6 30. Bf5+ Kb8 31. Bd3 a5 32. Rg1 a4 33. Rg6 Bb2 34. Rg8+ Ka7 35. Bxc4 Bxc1 36. Bd3 Bxf4 37. Rg2 Rd4 38. Bb5 Rd1+ 39. Rg1 Rxg1+ 40. Kxg1 a3 41. Bc4 b5 42. Bb3 c5 43. h4 c4 44. Ba2 Kb6 45. Kf2 Kc5 46. Ke2 b4 47. Kd1 b3 48. Bb1 a2 49. Bxa2 bxa2 50. Kc2 a1Q 51. h5 Kd4 0-1